High-speed networking for multimedia applications / (Record no. 193314)
[ view plain ]
| 000 -LEADER | |
|---|---|
| fixed length control field | 01716 a2200205 4500 |
| 003 - CONTROL NUMBER IDENTIFIER | |
| control field | Nust |
| 005 - DATE AND TIME OF LATEST TRANSACTION | |
| control field | 20240102132124.0 |
| 010 ## - LIBRARY OF CONGRESS CONTROL NUMBER | |
| LC control number | 96001801 |
| 020 ## - INTERNATIONAL STANDARD BOOK NUMBER | |
| International Standard Book Number | 0792396812 (hb : acid-free paper) |
| 040 ## - CATALOGING SOURCE | |
| Transcribing agency | Nust |
| 082 00 - DEWEY DECIMAL CLASSIFICATION NUMBER | |
| Classification number | 004.65,HIG |
| 245 00 - TITLE STATEMENT | |
| Title | High-speed networking for multimedia applications / |
| Statement of responsibility, etc. | Wolfgang Effelsberg ... [et al.]. |
| 260 ## - PUBLICATION, DISTRIBUTION, ETC. | |
| Place of publication, distribution, etc. | Boston : |
| Name of publisher, distributor, etc. | Kluwer Academic Publishers, |
| Date of publication, distribution, etc. | c1996. |
| 300 ## - PHYSICAL DESCRIPTION | |
| Extent | xii, 381 p. : |
| Other physical details | ill. ; |
| Dimensions | 25 cm. |
| 505 ## - FORMATTED CONTENTS NOTE | |
| Formatted contents note | End-To-End Communication Across Hybrid Networks (Page-1), Reduce Connection Awareness (Page-24), Is ATM a Continuity or a Discontinuity for the LAN Environment? (Page-45), On the Performance of Networks Carrying Multimedia Traffic (Page-61), The Server Array: A Scalable Video Server Architecture (Page-103), A Scalable Architecture for Multimedia Storage (Page-127), Aqua: An Adaptive End-System Quality of Service Architecture (Page-155), Quality of Service Support for Protocol Processing Within Endsystems (Page-179), High Performance Group Communication Services in ATM Networks (Page-199), Multimedia Transport Protocol and Multicast Communication (Page-225), PET - Priority Encoding Transmission (Page-247), Real-Time Communication in Shared-Medium High Speed LANs (Page-267), Batch Renewal Process: Exact Model of Traffic Correlation (Page-285), Residential Oriented Customer Premises Network Based on ATM Principles (Page-305), Voice-Data Integrated Channel Access for Microcellular Networks Using Splitting RRA Algorithms (Page-331), Wireless Access to High Speed Networks (Page-361). |
| 650 #0 - SUBJECT ADDED ENTRY--TOPICAL TERM | |
| Topical term or geographic name entry element | Computer networks. |
| 9 (RLIN) | 3677 |
| 650 #0 - SUBJECT ADDED ENTRY--TOPICAL TERM | |
| Topical term or geographic name entry element | Multimedia systems. |
| 9 (RLIN) | 36511 |
| 700 1# - ADDED ENTRY--PERSONAL NAME | |
| Personal name | Effelsberg, Wolfgang. |
| 9 (RLIN) | 119821 |
| 942 ## - ADDED ENTRY ELEMENTS (KOHA) | |
| Source of classification or shelving scheme | |
| Koha item type | Book |
| Withdrawn status | Lost status | Source of classification or shelving scheme | Damaged status | Not for loan | Permanent Location | Current Location | Date acquired | Full call number | Barcode | Date last seen | Price effective from | Koha item type | Public note | Shelving location |
|---|---|---|---|---|---|---|---|---|---|---|---|---|---|---|
| Military College of Signals (MCS) | Military College of Signals (MCS) | 12/12/2016 | 004.65,HIG | MCS5762 | 12/08/2016 | 12/12/2016 | Book | Almirah No.3, Shelf No.2 | ||||||
| Military College of Signals (MCS) | Military College of Signals (MCS) | 12/12/2016 | 004.65,HIG | MCS5763 | 12/08/2016 | 12/12/2016 | Book | Almirah No.80, Shelf No.1 | General Stacks |
